30 Największych miast we Francji - Statystyki

Ogólne statystyki
  • Ten quiz został rozwiązany 115 razy
  • Średni wynik to 13 z 30
Statystyki odpowiedzi
Populacja Region Miasto % Poprawnych
2,187,526 Île-de-France Paris / Paryż
100%
516,092 Auvergne-Rhône-Alpes Lyon
97%
863,310 Provence-Alpes-Côte d'Azur Marseille / Marsylia
91%
254,436 Nouvelle-Aquitaine Bordeaux
83%
340,017 Provence-Alpes-Côte d'Azur Nice / Nicea
79%
232,787 Hauts-de-France Lille
74%
280,966 Grand Est Strasbourg
74%
309,346 Pays de la Loire Nantes
71%
479,553 Occitanie Toulouse / Tuluza
69%
140,064 Brittany Brest
62%
285,121 Occitanie Montpellier
58%
216,815 Brittany Rennes
55%
182,460 Grand Est Reims
50%
156,920 Bourgogne-Franche-Comté Dijon
46%
172,565 Auvergne-Rhône-Alpes Saint-Étienne
46%
158,454 Auvergne-Rhône-Alpes Grenoble
39%
134,057 Hauts-de-France Amiens
27%
152,960 Pays de la Loire Angers
27%
143,886 Auvergne-Rhône-Alpes Clermont-Ferrand / Clermont
27%
170,147 Normandy Le Havre
26%
150,610 Occitanie Nîmes
25%
142,946 Pays de la Loire Le Mans
23%
135,787 Centre-Val de Loire Tours
19%
142,482 Provence-Alpes-Côte d'Azur Aix-en-Provence / Aix
14%
171,953 Provence-Alpes-Côte d'Azur Toulon
14%
120,158 Occitanie Perpignan
13%
147,931 Réunion Saint-Denis
12%
132,175 Nouvelle-Aquitaine Limoges
9%
126,924 Auvergne-Rhône-Alpes Annecy
5%
147,712 Auvergne-Rhône-Alpes Villeurbanne
5%
Nie znaleziono quizów pasujących do podanych kryteriów
Rozkład punktacji
Procent ludzi z każdym wynikiem
Percentyl według liczby udzielonych odpowiedzi
Twoja historia wyników
Nie rozwiązałeś tego quizu